Nationalism and ethnic conflict in Indonesia

Αποθηκεύτηκε σε:
Λεπτομέρειες βιβλιογραφικής εγγραφής
Κύριος συγγραφέας: Bertrand, Jacques 1965-
Μορφή: Βιβλίο
Γλώσσα:English
Δημοσίευση: Cambridge, UK : Cambridge University Press, 2004
Σειρά:Cambridge applied linguistics series
Θέματα:
Ετικέτες: Προσθήκη ετικέτας
Δεν υπάρχουν, Καταχωρήστε ετικέτα πρώτοι!

MARC

LEADER 00000nam a2200000 i 4500
001 1/89185
008 080619s2004 eng d
020 |a 0-521-52441-5 (pbk.) 
035 |l 10098303 
040 |a GR-MY-UA  |b gre  |e aacr 
041 0 |a eng 
082 0 |a 320.9598  |2 (22) 
100 1 |a Bertrand, Jacques  |d 1965- 
245 1 0 |a Nationalism and ethnic conflict in Indonesia /  |c Jacques Bertrand 
260 |a Cambridge, UK :   |b Cambridge University Press,   |c 2004 
300 |a xxiii, 278 σ.;  |b εικ., χάρτες;  |c 24 εκ. 
490 1 |a Cambridge Asia-Pacific studies 
504 |a Βιβλιογραφία: σ. 258-269 
504 |a Ευρετήριο: σ. 270-278 
650 0 0 |a Nationalism  |z Indonesia. 
650 0 0 |a Ethnic conflict  |z Indonesia. 
650 0 0 |a Islam and politics  |z Indonesia. 
651 0 |a Indonesia  |x Politics and government  |y 1998- 
651 0 |a Indonesia  |x Ethnic relations. 
830 0 |a Cambridge applied linguistics series 
852 |a INST  |b LESVOS  |e 20080619  |h 320.9598 BER  |p 005100041650  |q 005100041650  |t BK  |y 0 
901 |a BIBL1-2008-2 
909 |a Λ  |b 151667 
922 |a 1ΕΛΗ  |b 200803  |c ΕΠΕΑΕΚ2/ΤΚΑ  |d ΠΑΠΑΣΩΤΗΡΙΟΥ 
970 |a ΚΑΡΑ  |b ΓΙΑΣΕΜΗ  |z 2008/06/19